What's Another Year - Johnny Logan (All Lyrics) - Statistics

General Stats
  • This quiz has been taken 6 times
  • The average score is 106 of 150
Answer Stats
Answer % Correct
a
100%
another
100%
What's
100%
year?
100%
year
100%
alone?
80%
alone
80%
being
80%
every
80%
for
80%
For
80%
he
80%
not
80%
someone
80%
that
80%
the
80%
To
80%
to
80%
used
80%
who
80%
who's
80%
you
80%
been
60%
But
60%
everything
60%
getting
60%
I've
60%
long
60%
lost
60%
of
60%
such
60%
time
60%
waiting
60%
here
40%
in
40%
is
40%
out
40%
Reaching
40%
you're
40%
crying
20%
fear
20%
hide
20%
It's
20%
Looking
20%
lot
20%
near
20%
only
20%
owns?
20%
pain
20%
tear
20%
way
20%
With
20%
praying
0%
waking
0%
No matching quizzes found
Score Distribution
Percent of People with Each Score
Percentile by Number Answered
Your Score History
You have not taken this quiz